The Last Real Solar System Song - Objects - Statistics

General Stats
  • This quiz has been taken 77 times
  • The average score is 90 of 383
Answer Stats
Hint Answer % Correct
Neptune Moon S/2002N5
97%
Neptune Moon S/2021N1
97%
Uranus Moon (unnamed) (S/2023U1+S/2025U1)
97%
Star Sun
94%
Planet Earth
83%
Planet Mars
83%
Planet Mercury
83%
Moon Moon
81%
Planet Venus
78%
Dwarf Planet Ceres
75%
Moon Phobos
72%
Moon Deimos
69%
Planet Jupiter
64%
Asteroid Vesta
64%
Asteroid Pallas
61%
Plutino Pluto
58%
Trojan Ganymed
56%
Planet Saturn
56%
Planet Uranus
56%
Planet Neptune
53%
Haumea Family Haumea
50%
Asteroid Hygiea
50%
Asteroid | Jupiter Moon Io
50%
Asteroid Juno
47%
Jupiter Moon Callisto
44%
Jupiter Moon Ganymede
44%
Cubewano Makemake
44%
Plutino Moon Charon
42%
Jupiter Moon Europa
42%
Asteroid Interamnia
42%
Plutino Moon Nix
42%
Asteroid Psyche
42%
Saturn Moon Titan
42%
Asteroid Davida
39%
Asteroid Doris
39%
SDO Eris
39%
Asteroid Moon Remus
39%
Asteroid Moon Romulus
39%
Asteroid Sylvia
39%
Jupiter Moon Amalthea
36%
Centaur Chiron
36%
Centaur/SDO "FarFarOut"
36%
Asteroid Hebe
36%
Saturn Moon Iapetus
36%
Asteroid Ida
36%
Asteroid Iris
36%
Asteroid Patientia
36%
Asteroid Bamberga
33%
Asteroid Camilla
33%
Cubewano Chaos
33%
Centaur Chariklo
33%
Asteroid Moon Dactyl
33%
Trojan Didymos
33%
Trojan Moon Dimorphos
33%
Saturn Moon Dione
33%
Asteroid Fortuna
33%
Asteroid Donaldjohanson
33%
Asteroid Elektra
33%
Comet Encke
33%
Asteroid Euphrosyne
33%
2:7 resonant "Farout"
33%
SDO Gǃkúnǁʼhòmdímà
33%
SDO Moon Gǃòʼé ǃHú
33%
Comet Halley
33%
Haumea Family Moon Hi'iaka
33%
Saturn Moon Hyperion
33%
Asteroid Lutetia
33%
Haumea Family Moon Namaka
33%
Plutino Orcus
33%
Saturn Moon Phoebe
33%
Saturn Moon Rhea
33%
Cubewano Salacia
33%
ETNO/Sednoid Sedna
33%
Plutino Moon Styx
33%
Saturn Moon Tethys
33%
Asteroid Thisbe
33%
Neptune Moon Triton
33%
Asteroid Annefrank
31%
Trojan Apophis
31%
Uranus Moon Ariel
31%
Asteroid Dinkinesh
31%
SDO Moon Dysnomia
31%
Saturn Moon Enceladus
31%
Trojan Eros
31%
Asteroid Flora
31%
3:10 resonant Gonggong
31%
Plutino Moon Kerberos
31%
Asteroid Kleopatra
31%
Saturn Moon Mimas
31%
Uranus Moon Miranda
31%
Cubewano Moon "MK2"
31%
Neptune Moon Nereid
31%
Uranus Moon Oberon
31%
Interstellar Oumuamua
31%
Saturn Moon Pan
31%
Cubewano Quaoar
31%
Asteroid Moon Selam
31%
Jupiter Moon Thebe
31%
Asteroid Themis
31%
Uranus Moon Titania
31%
Uranus Moon Umbriel
31%
Cubewano Moon Weywot
31%
Quasi-Satellite Zoozve
31%
Asteroid Moon Alexhelios
28%
Asteroid Antiope
28%
Trojan Bennu
28%
Asteroid Cybele
28%
SDO "DeeDee"
28%
Asteroid Eunomia
28%
Uranus Moon Francisco
28%
Asteroid Gaspra
28%
Trojan Gault
28%
Trojan Geographos
28%
Asteroid Hungaria
28%
Plutino Moon Hydra
28%
Trojan Itokawa
28%
Plutino Ixion
28%
Jupiter Moon Metis
28%
Neptune Moon Proteus
28%
Uranus Moon Puck
28%
Cubewano Varuna
28%
3:10 resonant Moon Xiangliu
28%
Cubewano Moon Actaea
25%
Cubewano Arrokoth
25%
Saturn Moon Atlas
25%
Trojan Braille
25%
SDO "Buffy"
25%
Damocloid Damocles
25%
Neptune Moon Hippocamp
25%
Trojan Icarus
25%
Cubewano Moon Ilmarë
25%
Asteroid Koronis
25%
Cubewano Máni
25%
Cubewano Mbabamwanawaresa
25%
Saturn Moon Pandora
25%
Trojan Patroclus
25%
Asteroid Polana
25%
Uranus Moon Prospero
25%
Comet Shoemaker-Levy (9)
25%
Plutino Moon Vanth
25%
Cubewano Varda
25%
Trojan YORP
25%
Plutino Achlys
22%
Jupiter Moon Adrastea
22%
Saturn Moon Aegaeon
22%
Asteroid Agnia
22%
Plutino Arawn
22%
Cubewano Aya
22%
Interstellar Borisov
22%
Asteroid Moon Cleoselene
22%
Trojan Cruithne
22%
Uranus Moon Cupid
22%
Jupiter Moon Dia
22%
2:7 resonant Dziewanna
22%
Trojan Eureka
22%
Neptune Moon Galatea
22%
Comet Hale-Bopp
22%
Trojan Hektor
22%
Jupiter Moon Himalia
22%
Uranus Moon Juliet
22%
Asteroid Justitia
22%
Asteroid Kalliope
22%
Neptune Moon Larissa
22%
Asteroid Litva
22%
Uranus Moon Mab
22%
Asteroid Massalia
22%
Saturn Moon Methone
22%
Asteroid Minerva
22%
Trojan Moshup
22%
Asteroid Nysa
22%
Plutino Moon Paha
22%
Trojan Ryugu
22%
Neptune Moon Sao
22%
Trojan Moon Squannit
22%
Neptune Moon Thalassa
22%
Trojan Toutatis
22%
Asteroid Tyche
22%
Jupiter Moon Valetudo
22%
Jupiter Moon (amount of others) 40 Others
19%
Cubewano Albion
19%
ETNO/Detached Alicanto
19%
ETNO/Sednoid "Ammonite"
19%
Trojan ꞌAylóꞌchaxnim
19%
Saturn Moon Beli
19%
Uranus Moon Belinda
19%
ETNO/Sednoid "Biden"
19%
SDO Chiminigagua
19%
Asteroid Daphne
19%
Saturn Moon Daphnis
19%
Uranus Moon Desdemona
19%
Trojan Duende
19%
Jupiter Moon Eirene
19%
Jupiter Moon Elara
19%
Neptune Moon Halimede
19%
Comet Hartley(2)
19%
Asteroid Hermione
19%
Asteroid Hertha
19%
Asteroid Huberta
19%
Plutino Huya
19%
Jupiter Moon Iocaste
19%
Comet ISON
19%
Saturn Moon Janus
19%
Jupiter Moon Kore
19%
ETNO/Sednoid Leleākūhonua
19%
Plutino Lempo-Hiisi
19%
Trojan Leucus
19%
Asteroid Maria
19%
Jupiter Moon Megaclite
19%
Jupiter Moon Mneme
19%
Plutino Mors-Somnus
19%
Trojan Nyx
19%
Trojan Orus
19%
Trojan Paris
19%
Asteroid Moon Peneius
19%
Trojan Scheila
19%
Saturn Moon Skoll
19%
Uranus Moon Stephano
19%
Uranus Moon Sycorax
19%
Centaur Taowu
19%
Saturn Moon Telesto
19%
Uranus Moon Trinculo
19%
Saturn Moon (amount of others) 211 Other
17%
Asteroid Moon Aegis
17%
Trojan Agamemnon
17%
Saturn Moon Albiorix
17%
Jupiter Moon Ananke
17%
Uranus Moon Bianca
17%
Saturn Moon Calypso
17%
Jupiter Moon Carpo
17%
Uranus Moon Cressida
17%
Trojan Deiphobus
17%
Centaur/Damocloid "Drac"
17%
Jupiter Moon Ersa
17%
Jupiter Moon Euanthe
17%
Jupiter Moon Eupheme
17%
Uranus Moon Ferdinand
17%
Asteroid Griseldis
17%
Saturn Moon Helene
17%
Asteroid Hilda
17%
Comet Hyakutake
17%
Jupiter Moon Kallichore
17%
Jupiter Moon Leda
17%
Comet Lovejoy
17%
Jupiter Moon Lysithea
17%
Trojan Menoetius
17%
Trojan Mentor
17%
Neptune Moon Naiad
17%
Comet NEOWISE
17%
Neptune Moon Neso
17%
Uranus Moon Ophelia
17%
Centaur/Trojan Otrera
17%
Saturn Moon Paaliaq
17%
Saturn Moon Pallene
17%
Jupiter Moon Pandia
17%
Uranus Moon Perdita
17%
Trojan Phaethon
17%
Saturn Moon Polydeuces
17%
Trojan Polymele
17%
Uranus Moon Portia
17%
Jupiter Moon Praxidike
17%
Saturn Moon Prometheus
17%
Trojan Ra-Shalom
17%
Asteroid Schubart
17%
Trojan Moon Skamandrios
17%
Jupiter Moon Sponde
17%
Comet Tempel(1)
17%
Jupiter Moon Themisto
17%
Asteroid Ulla
17%
Comet West
17%
Jupiter Moon Arche
14%
Jupiter Moon Autonoe
14%
Comet Borrelly
14%
Uranus Moon Caliban
14%
Jupiter Moon Carme
14%
Centaur/Trojan Clete
14%
Uranus Moon Cordelia
14%
Neptune Moon Despina
14%
Jupiter Moon Euporie
14%
Asteroid Moon Gorgoneion
14%
Jupiter Moon Harpalyke
14%
Jupiter Moon Helike
14%
Asteroid Herculina
14%
Jupiter Moon Herse
14%
Centaur Hidalgo
14%
Comet Holmes
14%
Jupiter Moon Isonoe
14%
Cubewano ǂKá̦gára–ǃHãunu
14%
Jupiter Moon Kale
14%
Saturn Moon Kari
14%
Neptune Moon Laomedeia
14%
Asteroid Moon Linus
14%
Cubewano Logos-Zoe
14%
4:7 resonant Manwë-Thorondor
14%
Uranus Moon Margaret
14%
Jupiter Moon Orthosie
14%
Asteroid Phocaea
14%
Centaur Pholus
14%
Neptune Moon Psamathe
14%
Uranus Moon Setebos
14%
Saturn Moon Siarnaq
14%
Jupiter Moon Sinope
14%
Centaur Typhon
14%
Comet Wild(2)
14%
Jupiter Moon Aitne
11%
Cubewano Altjira
11%
Trojan Amors
11%
Jupiter Moon Aoede
11%
Centaur Asbolus
11%
Trojan Atens
11%
Trojan Atiras
11%
Comet Bernardinelli-Bernstein
11%
Cubewano Borasisi-Pabu
11%
Jupiter Moon Chaldene
11%
Jupiter Moon Cyllene
11%
Centaur Moon Echidna
11%
Trojan Elst-Pizarro
11%
Saturn Moon Epimetheus
11%
Jupiter Moon Erinome
11%
Jupiter Moon Eukelade
11%
Jupiter Moon Eurydome
11%
Jupiter Moon Hegemone
11%
Jupiter Moon Hermippe
11%
Saturn Moon Ijiraq
11%
Comet Ikeya-Seki
11%
Jupiter Moon Kalyke
11%
Comet McNaught
11%
Jupiter Moon Pasiphae
11%
Jupiter Moon Pasithee
11%
Jupiter Moon Philophrosyne
11%
Cubewano Rhadamanthus
11%
Uranus Moon Rosalind
11%
Saturn Moon Suttungr
11%
Jupiter Moon Taygete
11%
Jupiter Moon Thelxinoe
11%
Jupiter Moon Thyone
11%
Saturn Moon Ymir
11%
Saturn Moon Anthe
8%
Trojan Apollos
8%
Jupiter Moon Callirrhoe
8%
Centaur Ceto-Phorcys
8%
Comet Churyumov-Gerasimenko
8%
Cubewano Deucalion
8%
Centaur Echeclus
8%
Saturn Moon Eggther
8%
Saturn Moon Farbauti
8%
Centaur Hylonome
8%
Saturn Moon Kiviuq
8%
Saturn Moon Mundilfari
8%
Centaur Okyrhoe
8%
Cubewano Praamzius
8%
Centaur Schwassmann-Wachmann
8%
Saturn Moon Tarqeq
8%
Cubewano Teharonhiawako-Sawiskera
8%
Centaur Thereus
8%
Saturn Moon Angrboda
6%
Saturn Moon Bestla
6%
Saturn Moon Fornjot
6%
Saturn Moon Gunnlod
6%
Saturn Moon Hati
6%
Saturn Moon Jarnsaxa
6%
Saturn Moon Narvi
6%
Comet PanSTARRS
6%
Cubewano Ritona
6%
Cubewano Sila-Nunam
6%
Saturn Moon Skathi
6%
Saturn Moon Tarvos
6%
Saturn Moon Thrymr
6%
Saturn Moon Aegir
3%
Saturn Moon Alvaldi
3%
Saturn Moon Bebhionn
3%
Saturn Moon Bergelmir
3%
Saturn Moon Erriapus
3%
Saturn Moon Greip
3%
Saturn Moon Gridr
3%
Saturn Moon Hyrrokkin
3%
Saturn Moon Skrymir
3%
Saturn Moon Surtur
3%
Saturn Moon Thiazzi
3%
Saturn Moon Fenrir
0%
Saturn Moon Geirrod
0%
Saturn Moon Gerd
0%
Saturn Moon Loge
0%
No matching quizzes found
Score Distribution
Percent of People with Each Score
Percentile by Number Answered
Your Score History
You have not taken this quiz